The inequality of nations

Αποθηκεύτηκε σε:
Λεπτομέρειες βιβλιογραφικής εγγραφής
Κύριος συγγραφέας: Tucker, Robert W (Συγγραφέας)
Μορφή: Βιβλίο
Γλώσσα:Αγγλικά
Έκδοση: Nueva York Basic Books 1977
Θέματα:
Ετικέτες: Προσθήκη ετικέτας
Δεν υπάρχουν, Καταχωρήστε ετικέτα πρώτοι!

MARC

LEADER 00000nam a2200000 a 4500
001 UCT7881
003 CL-VaPUC
008 970317e19770000US |||||||||||||||||eng|d
082 0 4 |a 341.26  |b TUC  |2 21 
100 0 |a Tucker, Robert W  |e author  |9 379143 
245 1 4 |a The inequality of nations 
300 |a 214 p 
942 |c BK 
945 |d 19970317 00:00:00  |a paguirre 
260 |a Nueva York  |b Basic Books  |c 1977 
650 7 |a DERECHO INTERNACIONAL PUBLICO  |2 CL-VaPUC  |9 379144 
650 0 |a Estado  |9 255503 
650 0 |a Relaciones Internacionales  |9 255740 
650 0 |a Naciones  |9 337518 
650 7 |a REGIONES POLITICAS  |2 CL-VaPUC  |9 357749 
583 |a last modification  |c 19970317 00:00:00  |k Rodrigo Vera 
999 |c 256428  |d 256426 
952 |0 0  |1 0  |4 0  |6 341_260000000000000_TUC_1977  |7 0  |8 A  |9 279160  |a BIBDER  |b BIBDER  |d 2019-11-19  |i 1808842  |o 341.26 TUC 1977  |p 1808842  |r 2023-01-25  |w 2019-11-19  |y BK  |k DER